| 000 | 01047nam2a22002651 4500 | ||
|---|---|---|---|
| 001 | RU\NLR\Per\816843 | ||
| 005 | 20250617192322.0 | ||
| 010 | _a5-89487-107-7 | ||
| 035 | _a(NLR Aleph) 003060998 | ||
| 090 |
_a2227409 _c2227409 |
||
| 100 | _a20111117d2011 |||y0rusy50 ca | ||
| 101 | 0 | _arus | |
| 102 | _aRU | ||
| 105 | _ay ||||||||| | ||
| 200 | 0 | _a2011, № 11 (142) | |
| 210 |
_d2011 _aБ. м. |
||
| 461 | 0 |
_1001RU\NLR\INFOCOMM15\1000108603 _12001#$aКолокольчик$eЛит.-худож. познават. дет. журн.$eЖурн. для тебя и твоих друзей$v2011, № 11 (142) _92313870 _cМ. _d1999- _nООО "Изд. дом "Искатель" _oЛит.-худож. познават. дет. журн. : Журн. для тебя и твоих друзей _tКолокольчик _y5894871077 _v2011, № 11 (142) |
|
| 801 | 1 |
_aRU _bInfoComm _c20040406 |
|
| 801 | 0 |
_aRU _bNLR _gPSBO |
|
| 801 | 2 |
_aRU _bNLR _c20080303 _2rusmarc |
|
| 852 |
_aNLR _jП29/935 |
||
| 942 | _cISSUE | ||
| 980 | _aNB | ||
| 980 | _aRUSPER | ||